000 00827nam a2200241 i 4500
001 103054
003 ES-MaACL
005 20251017115718.0
007 t|
008 060109s2004 sp ||||1| spa d
020 _a84-96102-10-6
080 _a821.134.2(460.27)-91.09"19"
080 _a74.036(460.27)
245 0 0 _aDe Madrid a los tebeos
_b: una mirada gráfica a la historieta madrileña.
260 _aMadrid :
_bAyuntamiento de Madrid, Area de las Artes,
_c2004.
300 _a211 p. :
_bil. col. y n. ;
_c29 cm.
650 4 _aCómics-
_zEspaña
_911174
710 1 _aMadrid.
_bÁrea de las Artes.
_95569
852 _aES-MaACL
_jL-29273
_bR.136679
_9106917
_cDEPO2
942 _2udc
_cMONOGRAFIA
999 _c103054
_d103054